İkazcı Mehmet Şükrü (Record no. 7295)
[ view plain ]
| 000 -BAŞLIK | |
|---|---|
| Sabit Uzunlukta Kontrol Alanı | 00886na a2200265 4500 |
| 001 - KONTROL NUMARASI | |
| Denetim Alanı | 22309 |
| 003 - KONTROL NUMARASI IDENTIFIER | |
| Denetim Alanı | MIRAKIL |
| 005 - SON İŞLEM TARİHİ VE ZAMANI | |
| Denetim Alanı | 20181213155134.0 |
| 008 - SABİT-BOY VERİ ELEMANLARI - GENEL BİLGİLER | |
| Sabit Uzunlukta Kontrol Alanı | 170213b tu 000 0 |
| 020 ## - ULUSLARARASI STANDART KİTAP NUMARASI | |
| Uluslararası Standart Kitap Numarası | 9789759051372 |
| 040 ## - KATALOGLAMA KAYNAK | |
| Orijinal Kataloglama Ajansı | Milas |
| Kataloglama Dili | tur |
| Metne Dönüştürmek Ajansı | TR-AnCHP |
| 041 ## - DİL KODU | |
| Metin / Ses Parça Veya Ayrı Başlığın Dil Kodu | tur |
| 082 ## - DEWEY ONLU SINIFLANDIRMA NUMARASI | |
| Sınıflandırma Numarası | 923.2 Koç,M.Ş. |
| Ürün Numarası | Ü57i 2007 |
| 090 ## - SINIFLAMA NUMARASI | |
| Sınıflama Numarası | 923.2 Koç,M.Ş. Ü57i 2007 |
| 100 ## - ANA GİRİŞ - KİŞİSEL İSİM | |
| Kişisel Ad | Ünsal, Süha |
| 245 ## - BAŞLIK TABLOSU | |
| Başlık | İkazcı Mehmet Şükrü |
| Başlığın Kalan | Milli Mücadele'den Cumhuriyet'e |
| Sorumluluk Tablosu, Vb | Süha Ünsal |
| 246 ## - UNVAN FORM VARYING | |
| Başlık Doğru / Kısa Başlığı | Milli Mücadele'den Cumhuriyet'e |
| 260 ## - YAYIN, DAĞITIM, VB | |
| Yayın, Dağıtım, Vb Yeri | Ankara |
| Yayıncı, Dağıtıcı, Vs Adı | Dipnot Yayınları |
| Yayın, Dağıtım, Vb Tarihi | 2007 |
| 300 ## - FİZİKSEL TANIM | |
| Kapsam | 423 s. |
| Diğer Fiziksel Ayrıntıları | fotğ.; res. |
| Boyutlar | 21 sm. |
| 504 ## - KAYNAKÇA VB NOT | |
| Kaynakça Vb Notu | Kaynakça ve dizin var. |
| 600 ## - KONU KATMA GİRİŞ - KURUMSAL ADI | |
| Kişisel Ad | Koç, Mehmet Şükrü |
| Bir Adıyla İlişkilendirilen Tarihler | 1887-1938 |
| Genel Alt Bölümü | Yaşamöyküsü |
| Kronolojik Alt Bölümü | Siyasal ve sosyal görüşler |
| 650 ## - KONU KATMA GİRİŞ - TOPİKAL DÖNEM | |
| Topikal Süreli Veya Coğrafi Ad Giriş Elemanı | Kurtuluş Savaşı, 1918-1923 |
| Genel Alt Bölümü | Tarih |
| Kronolojik Alt Bölümü | İstihbarat |
| 650 ## - KONU KATMA GİRİŞ - TOPİKAL DÖNEM | |
| Topikal Süreli Veya Coğrafi Ad Giriş Elemanı | Milli Mücadele Dönemi |
| Genel Alt Bölümü | Tarih |
| 942 ## - EKLENDİ GİRİŞ ELEMANLARI (KOHA) | |
| Sınıflandırma Veya Raf Düzeni Kaynak | |
| Koha Öğesi Türü | Books |
| 999 ## - SİSTEM KONTROL NUMARALARI (KOHA) | |
| Koha Biblionumber | 7295 |
| Koha Biblioitemnumber | 7295 |
| Kalıcı Konum | Mevcut Konum | Edinme Tarihi | Edinim Kaynak | Toplam Check-Out'Lar | Tam Çağrı Numarası | Barkod | Tarih Son Görülme | İtibaren Geçerli Fiyatlar | Koha Öğesi Türü |
|---|---|---|---|---|---|---|---|---|---|
| CHP Kütüphanesi | CHP Kütüphanesi | 02/13/2017 | Bağış | 923.2 Koç,M.Ş. Ü57i 2007 | 015591 | 02/13/2017 | 02/13/2017 | Books |
